Akademické argumentačné eseje v sociálnej práci a ich kontext a štruktúra

Základné princípy a najčastejšie používané metódy použitia ako aj základné informácie o akademických esejách, ich kontexte a štruktúre v sociálnej práci. Hlavné body pri hodnotení a vypracovaní kvalitnej eseje.

Salvato in:
Dettagli Bibliografici
Autore principale: Lulei, Martin
Altri autori: Hrozenská, Martina
Natura: Capitolo di libro
Lingua:slovacco
Soggetti:
Tags: Aggiungi Tag
Nessun Tag, puoi essere il primo ad aggiungerne!!

MARC

LEADER 00000naa a2200000 4500
001 0200913
005 20250115125213.4
041 0 |a slo 
041 0 |a slo 
044 |a CZ 
245 1 0 |a Akademické argumentačné eseje v sociálnej práci a ich kontext a štruktúra  |c Martin Lulei, Martina Hrozenská 
520 |a Základné princípy a najčastejšie používané metódy použitia ako aj základné informácie o akademických esejách, ich kontexte a štruktúre v sociálnej práci. Hlavné body pri hodnotení a vypracovaní kvalitnej eseje. 
610 2 0 |a práce kvalifikačné 
610 2 0 |a štúdium vysokoškolské 
610 2 0 |a vysokoškoláci 
610 2 0 |a programy študijné 
610 2 0 |a práca sociálna 
100 1 |a Lulei, Martin 
700 1 |a Hrozenská, Martina